| 000 | 00503nam a2200181Ia 4500 | ||
|---|---|---|---|
| 001 | 16551 | ||
| 005 | 20260306170318.0 | ||
| 008 | 260306t2003||||xx |||||||||||||| ||und|| | ||
| 041 | _aESP | ||
| 082 |
_a348.61 _bC14 |
||
| 100 |
_aCáceres, Patricia _eAUT |
||
| 245 | 0 | _aLegislación comparada sobre trabajo adolescente doméstico. El caso de Brasil, Paraguay, Colombia y Perú | |
| 260 | _c2003 | ||
| 300 |
_a104 páginas : _c28 cm. |
||
| 650 | _aGEN | ||
| 654 | _aCDE | ||
| 942 |
_cLIB _dJUS _fJUS _2ddc _n |
||
| 999 |
_c16551 _d16551 |
||